00509nam a2200193 a 4500001001300000003000900013005001700022008003800039020001000077082001700087100002200104245005000126260001300176300000800189500003500197505003700232650002400269700002200293nice12345678IN_TiNIC20260116015306.0050524s1983 a grp 000 0 eng  ac10000a297.822bJOH aJohnston, David L aBridge Between North and South, East and West abc1983 a00p aincludes index and biblioraphy2 avol.I. monograph series pt.vii-B aIsmailis-Hazar Imam1 aJohnston, David L